00629nam a2200181 a 450000100100000000500170001000800410002704000250006808200150009310000300010824500510013826000560018930000210024550000420026604900090030895201130031799900170043000001668620200929164940.0100309s1936 dr 000 0 spa d aDO-SdBNPbspacBNPHU axxxbG633m1 aGómez O., Max B.93704010aMy first steps in English /cMax B. Gómez O. aCiudad Trujillo :bTipografía Franciscana,c1936. a138 p. ;c25 cm. aIncluye notas al pie de las páginas aBNPD 0010718PDaPDbPDcCTd2010-03-09iLF1l0oxxx G633mp16686-10r2020-06-25w2020-06-25yLFPDZNo se presta c16219d16219